Química inorg nica práctica avanzada / D.M.Adams, J.B.Raynor (Registro nro. 21111)
[ vista simple ]
| 000 -LÍDER | |
|---|---|
| fixed length control field | 00488nam a2200145 4500 |
| 008 - ELEMENTOS DE LONGITUD FIJA -- INFORMACIÓN GENERAL | |
| fixed length control field | 0 1966 0a 000 0ESP |
| 082 ## - NUMERO DE CLASIFICACION DECIMAL DEWEY | |
| Número de Clasificación | 546 A563q |
| 100 ## - ASIENTO PRINCIPAL--NOMBRE PERSONAL | |
| Nombre personal | Adams,D.M. |
| 245 ## - TÍTULO | |
| Título | Química inorg nica práctica avanzada / D.M.Adams, J.B.Raynor |
| 260 ## - PUBLICACIÓN, DISTRIBUCIÓN, ETC. (PIE DE IMPRENTA) | |
| Lugar de publicación, distribución, etc. | Barcelona,España: Reverté |
| 300 ## - DESCRIPCIÓN FÍSICA | |
| Extensión | 179p. / 22cm. |
| 500 ## - NOTA GENERAL | |
| Nota general | Incluye Ap‚ndices,Indice de formulas de compuestos preparados,indice alfab‚tico. |
| 650 ## - ASIENTO SECUNDARIO DE MATERIA - TERMINO TEMÁTICO | |
| Término temático o nombre geográfico como elemento de entrada | 1.QUIMICA INORGANICA |
| 700 ## - ASIENTO SECUNDARIO - NOMBRE PERSONAL | |
| Nombre personal | Raynor, J.B. |
| No. biblioteca | No. biblioteca | Número de clasificación | Código de barras/Número de adquisición | Número de copia | Tipo de material |
|---|---|---|---|---|---|
| LUIS G. INCLAN | LUIS G. INCLAN | 546 A563q | 25980 | 2 | Libros |
